1972 Democratic Primary Candidates - Statistics

General Stats
  • This quiz has been taken 28 times
  • The average score is 9 of 14
Answer Stats
Home State Most Recent Office Answer % Correct
South Dakota Senator George McGovern
100%
Alabama Governor George Wallace
95%
Minnesota Senator Hubert Humphrey
95%
Maine Senator Edmund Muskie
86%
Washington Senator Scoop Jackson
77%
Minnesota Senator Eugene McCarthy
64%
New York Mayor John Lindsay
64%
Hawaii Representative Patsy Mink
64%
Oklahoma Senator Fred Harris
55%
New York Representative Shirley Chisholm
55%
North Carolina Governor Terry Sanford
55%
Arkansas Representative Wilbur Mills
50%
California Mayor Sam Yorty
41%
Indiana Senator Vance Hartke
36%
No matching quizzes found
Score Distribution
Percent of People with Each Score
Percentile by Number Answered
Your Score History
You have not taken this quiz